00474nam a2200157Ia 450000100060000000800410000602000180004704000130006508200210007810000180009924500910011726000470020830000110025554600070026665000430027340713140424s9999 xx 000 0 und d a9781583671535 cPK-LaUMT a 956.92044bINS- aKfoury, Assaf aInside Lebanonbjourney to a shattered land with Noam and Carol ChomskycKfoury, Assaf aNew York,USA:bMonthly Review Press,c2007 a192 p. aEN aLebanon-Politics and government -1990-